Worst 5 football nations of each continent - Statistics

General Stats
  • This quiz has been taken 84 times
  • The average score is 15 of 30
Answer Stats
Place Team % Correct
210 San Marino
85%
199 Liechtenstein
79%
162 Andorra
73%
84 Bolivia
71%
58 Paraguay
69%
31 Peru
68%
54 Venezuela
68%
200 Tonga
65%
40 Chile
63%
172 Malta
61%
181 Samoa
60%
198 Gibraltar
57%
191 Brunei
56%
192 São Tomé
55%
201 Seychelles
53%
179 Mauritius
52%
196 Timor-Leste
48%
170 Vanuatu
48%
193 Djibouti
47%
203 Bahamas
44%
205 Sri Lanka
39%
197 Pakistan
36%
202 Somalia
36%
188 American Samoa
32%
207 British Virgin Islands
31%
204 Guam
29%
208 US Virgin Islands
27%
209 Anguilla
23%
187 Cook Islands
23%
206 Turks and Caicos
16%
No matching quizzes found
Score Distribution
Percent of People with Each Score
Percentile by Number Answered
Your Score History
You have not taken this quiz